000 00277nam a22001337a 4500
008 170630b xxu||||| |||| 00| 0 eng d
020 _a4302
041 _aeng
080 _a82
100 _a22
101 _aGJL
245 _aGENERAL TOPOLOGY
_cKELLEY, J.L
942 _2udc
_cBK
999 _c19686
_d19686